Mohamed Racim (notice n° 6090)
[ vue normale ]
| 000 -Label | |
|---|---|
| leader | 00761nam a2200265 4500 |
| 099 ## - Informations locales | |
| Type de document | Livre |
| 100 ## - Données générales de traitement | |
| a | 20240911d u||y0frey5050 ba |
| 101 ## - Langue | |
| langue document | français |
| 102 ## - Pays d'édition ou de production | |
| pays d'édition | Algérie |
| 200 ## - Titre | |
| titre propre | Mohamed Racim |
| type de document | Livre |
| sous-titre | Miniaturiste Algérien |
| auteur | Mohamed Khadda |
| 205 ## - Mention d'édition | |
| mention d'édition | 6ème édition |
| 210 ## - Editeur | |
| lieu de publication | Alger |
| nom de l'éditeur | Entreprise National du Livre |
| date de publication | 1990 |
| 215 ## - Description | |
| Importance matérielle | (1Vol) 67p. |
| autres carac. | Couv.Ill.Coul. |
| format | 32x25 |
| 600 ## - sujets | |
| sujet | Racim |
| prénom | Mohamed |
| koha internal code | 11944 |
| 606 ## - sujets | |
| sujet | Miniature |
| koha internal code | 11945 |
| 606 ## - sujets | |
| sujet | Calligraphie |
| koha internal code | 11946 |
| 606 ## - sujets | |
| sujet | Artiste algérien |
| koha internal code | 11947 |
| 607 ## - sujets | |
| sujet | Algérie |
| koha internal code | 11948 |
| 676 ## - classification | |
| indice Dewey | 759 RAC |
| 700 ## - Auteur | |
| code de fonction | Artiste |
| auteur | Racim |
| prénom | Mohamed |
| koha internal code | 11944 |
| 701 ## - coauteur | |
| code de fonction | Auteur |
| nom | Khadda |
| prénom | Mohamed |
| koha internal code | 11949 |
| 801 ## - source de catalogage | |
| pays | TN |
| agence de catalogage | 32Bis |
| date de la transaction | YYYYMMDD |
| règles de catalogage utilisées | AFNOR |
| 830 ## - note | |
| catalogeur | ABA |
| Propriétaire | Dépositaire | Localisation | Code barre | Numéro Inventaire | Cote | Note | Statut |
|---|---|---|---|---|---|---|---|
| The 32bis Library | The 32bis Library | Salle de lecture 32BIS | 004166 | 4106 | 759 RAC | dépôt MAB | Consultable sur place |